Kader VfL Bochum - Statistiken

Allgemein
  • Dieses Quiz wurde 298 mal gespielt
    104 seit der letzten Aktualisierung
  • Das Durchschnittsergebnis liegt bei 15 aus 31
Antwortstatistiken
# Spieler % Korrekt
1 Manuel Riemann
97%
2 Cristian Gamboa
78%
7 Kevin Stöger
78%
33 Philipp Hofmann
76%
11 Takuma Asano
76%
8 Anthony Losilla
75%
4 Erhan Masovic
67%
20 Ivan Ordets
61%
3 Danilo Soares
60%
6 Patrick Osterhage
60%
Thomas Letsch
60%
15 Felix Passlack
58%
17 Gerrit Holtmann
58%
21 Michael Esser
58%
29 Moritz Broschinski
57%
10 Philipp Förster
54%
22 Christopher Antwi-Adjei
50%
19 Matus Bero
44%
14 Tim Oermann
43%
41 Noah Loosli
42%
9 Simon Zoller
40%
13 Lukas Daschner
38%
25 Mohammed Tolba
33%
23 Niclas Thiede
33%
27 Moritz-Broni Kwarteng
32%
18 Jordi Osei-Tutu
26%
24 Mats Pannewig
25%
30 Moritz Römling
17%
28 Luis Hartwig
15%
5 Jacek Goralski
13%
39 Lys Mousset
13%
Keine übereinstimmenden Quizze gefunden
Verteilung der Resultate
Anzahl Personen mit jedem Resultat
Perzentil nach korrekt beantworteten Fragen
Ihre Resultats-Entwicklung
Sie haben dieses Quiz seit der letzten Aktualisierung nicht gespielt